<?xml version="1.0" encoding="UTF-8"?>
<record
    xmlns:xsi="http://www.w3.org/2001/XMLSchema-instance"
    xsi:schemaLocation="http://www.loc.gov/MARC21/slim http://www.loc.gov/standards/marcxml/schema/MARC21slim.xsd"
    xmlns="http://www.loc.gov/MARC21/slim">

  <leader>00714nam a22002537a 4500</leader>
  <controlfield tag="005">20241207092210.0</controlfield>
  <controlfield tag="008">241207b           ||||| |||| 00| 0 eng d</controlfield>
  <datafield tag="020" ind1=" " ind2=" ">
    <subfield code="a">9780198877202</subfield>
  </datafield>
  <datafield tag="040" ind1=" " ind2=" ">
    <subfield code="c">AL</subfield>
  </datafield>
  <datafield tag="041" ind1=" " ind2=" ">
    <subfield code="a">English</subfield>
  </datafield>
  <datafield tag="082" ind1=" " ind2=" ">
    <subfield code="2">23</subfield>
    <subfield code="a">349.42</subfield>
    <subfield code="b">CROP</subfield>
  </datafield>
  <datafield tag="100" ind1=" " ind2=" ">
    <subfield code="a">Rupert Cross and others</subfield>
    <subfield code="9">188521</subfield>
  </datafield>
  <datafield tag="245" ind1=" " ind2=" ">
    <subfield code="a">Precedents in English Law</subfield>
  </datafield>
  <datafield tag="250" ind1=" " ind2=" ">
    <subfield code="a">4.</subfield>
  </datafield>
  <datafield tag="260" ind1=" " ind2=" ">
    <subfield code="a">UK</subfield>
    <subfield code="b">Oxford University Press</subfield>
    <subfield code="c">1991</subfield>
  </datafield>
  <datafield tag="300" ind1=" " ind2=" ">
    <subfield code="a">viii,246 p.</subfield>
    <subfield code="b">PB</subfield>
    <subfield code="c">21x14 cm.</subfield>
  </datafield>
  <datafield tag="365" ind1=" " ind2=" ">
    <subfield code="a">1060</subfield>
    <subfield code="b">&#x20B9;547.50</subfield>
    <subfield code="c">&#x20B9;</subfield>
    <subfield code="d">&#x20B9;750.00</subfield>
  </datafield>
  <datafield tag="440" ind1=" " ind2=" ">
    <subfield code="a">Clarendon Law Series</subfield>
    <subfield code="9">188522</subfield>
  </datafield>
  <datafield tag="650" ind1=" " ind2=" ">
    <subfield code="a"> General Law</subfield>
    <subfield code="9">188523</subfield>
  </datafield>
  <datafield tag="650" ind1=" " ind2=" ">
    <subfield code="a"> English Law</subfield>
    <subfield code="9">188524</subfield>
  </datafield>
  <datafield tag="700" ind1=" " ind2=" ">
    <subfield code="a">CROSS (Rupert)</subfield>
    <subfield code="9">188525</subfield>
  </datafield>
  <datafield tag="700" ind1=" " ind2=" ">
    <subfield code="a">HARRIS (J W)</subfield>
    <subfield code="9">188526</subfield>
  </datafield>
  <datafield tag="942" ind1=" " ind2=" ">
    <subfield code="2">ddc</subfield>
    <subfield code="c">BK</subfield>
  </datafield>
  <datafield tag="999" ind1=" " ind2=" ">
    <subfield code="c">232260</subfield>
    <subfield code="d">232260</subfield>
  </datafield>
  <datafield tag="952" ind1=" " ind2=" ">
    <subfield code="0">0</subfield>
    <subfield code="1">0</subfield>
    <subfield code="2">ddc</subfield>
    <subfield code="4">0</subfield>
    <subfield code="7">0</subfield>
    <subfield code="8">Law</subfield>
    <subfield code="a">LL</subfield>
    <subfield code="b">LL</subfield>
    <subfield code="d">2024-12-05</subfield>
    <subfield code="e">MPP House,Bengaluru</subfield>
    <subfield code="g">547.50</subfield>
    <subfield code="l">0</subfield>
    <subfield code="o">349.42 CROP</subfield>
    <subfield code="p">LL000895</subfield>
    <subfield code="r">2024-12-07 00:00:00</subfield>
    <subfield code="v">750.00</subfield>
    <subfield code="w">2024-12-07</subfield>
    <subfield code="y">BK</subfield>
  </datafield>
  <datafield tag="952" ind1=" " ind2=" ">
    <subfield code="0">0</subfield>
    <subfield code="1">0</subfield>
    <subfield code="2">ddc</subfield>
    <subfield code="4">0</subfield>
    <subfield code="7">0</subfield>
    <subfield code="8">Law</subfield>
    <subfield code="a">LL</subfield>
    <subfield code="b">LL</subfield>
    <subfield code="d">2024-12-05</subfield>
    <subfield code="e">MPP House,Bengaluru</subfield>
    <subfield code="g">547.50</subfield>
    <subfield code="l">0</subfield>
    <subfield code="o">349.42 CROP</subfield>
    <subfield code="p">LL000896</subfield>
    <subfield code="r">2024-12-07 00:00:00</subfield>
    <subfield code="v">750.00</subfield>
    <subfield code="w">2024-12-07</subfield>
    <subfield code="y">BK</subfield>
  </datafield>
  <datafield tag="952" ind1=" " ind2=" ">
    <subfield code="0">0</subfield>
    <subfield code="1">0</subfield>
    <subfield code="2">ddc</subfield>
    <subfield code="4">0</subfield>
    <subfield code="7">0</subfield>
    <subfield code="8">Law</subfield>
    <subfield code="a">LL</subfield>
    <subfield code="b">LL</subfield>
    <subfield code="d">2024-12-05</subfield>
    <subfield code="e">MPP House,Bengaluru</subfield>
    <subfield code="g">547.50</subfield>
    <subfield code="l">0</subfield>
    <subfield code="o">349.42 CROP</subfield>
    <subfield code="p">LL000897</subfield>
    <subfield code="r">2024-12-07 00:00:00</subfield>
    <subfield code="v">750.00</subfield>
    <subfield code="w">2024-12-07</subfield>
    <subfield code="y">BK</subfield>
  </datafield>
  <datafield tag="952" ind1=" " ind2=" ">
    <subfield code="0">0</subfield>
    <subfield code="1">0</subfield>
    <subfield code="2">ddc</subfield>
    <subfield code="4">0</subfield>
    <subfield code="7">0</subfield>
    <subfield code="8">Law</subfield>
    <subfield code="a">LL</subfield>
    <subfield code="b">LL</subfield>
    <subfield code="d">2024-12-05</subfield>
    <subfield code="e">MPP House,Bengaluru</subfield>
    <subfield code="g">547.50</subfield>
    <subfield code="l">0</subfield>
    <subfield code="o">349.42 CROP</subfield>
    <subfield code="p">LL000898</subfield>
    <subfield code="r">2024-12-07 00:00:00</subfield>
    <subfield code="v">750.00</subfield>
    <subfield code="w">2024-12-07</subfield>
    <subfield code="y">BK</subfield>
  </datafield>
  <datafield tag="952" ind1=" " ind2=" ">
    <subfield code="0">0</subfield>
    <subfield code="1">0</subfield>
    <subfield code="2">ddc</subfield>
    <subfield code="4">0</subfield>
    <subfield code="7">0</subfield>
    <subfield code="8">Law</subfield>
    <subfield code="a">LL</subfield>
    <subfield code="b">LL</subfield>
    <subfield code="d">2024-12-05</subfield>
    <subfield code="e">MPP House,Bengaluru</subfield>
    <subfield code="g">547.50</subfield>
    <subfield code="l">0</subfield>
    <subfield code="o">349.42 CROP</subfield>
    <subfield code="p">LL000899</subfield>
    <subfield code="r">2024-12-07 00:00:00</subfield>
    <subfield code="v">750.00</subfield>
    <subfield code="w">2024-12-07</subfield>
    <subfield code="y">BK</subfield>
  </datafield>
</record>
